000 00485nam a22001937a 4500
003 MPLRDC
005 20220104203340.0
008 210129b ||||| |||| 00| 0 eng d
020 _a957-628-368
082 _a782.886 ZXC
100 _aYULANDA
245 _a细说周星驰
_c
250 _a初版
260 _a台湾
_b万盛出版有限公司
_c1992
300 _b
520 _a上架 2018-08-01。
650 _a中国人物传记--周星驰
942 _cBK
_o782.886 ZXC
999 _c68082
_d68072